[Event "MPJ C18"]
[Site "?"]
[Date "2016.03.18"]
[Round "1.1"]
[White "Piotrowski, Przemyslaw"]
[Black "Gajek, Radoslaw"]
[Result "1-0"]
[LiveChessVersion "1.4.8"]
[BlackElo "2435"]
[WhiteElo "2140"]

1. d4 {[%clk 1:30:56]} Nf6 {[%clk 1:30:54]} 2. Nf3 {[%clk 1:31:21]} e6
{[%clk 1:31:10]} 3. g3 {[%clk 1:31:46]} c5 {[%clk 1:31:29]} 4. Bg2
{[%clk 1:32:01]} cxd4 {[%clk 1:30:54]} 5. Nxd4 {[%clk 1:32:10]} d5
{[%clk 1:31:21]} 6. O-O {[%clk 1:32:23]} e5 {[%clk 1:30:05]} 7. Nb3
{[%clk 1:28:03]} Nc6 {[%clk 1:28:44]} 8. c4 {[%clk 1:13:21]} d4 {[%clk 1:28:59]}
9. f4 {[%clk 1:13:39]} e4 {[%clk 1:29:25]} 10. f5 {[%clk 1:13:47]} g6
{[%clk 1:28:05]} 11. fxg6 {[%clk 1:11:32]} hxg6 {[%clk 1:28:27]} 12. Bg5
{[%clk 1:11:54]} Be7 {[%clk 1:28:55]} 13. Bxf6 {[%clk 1:07:43]} Bxf6
{[%clk 1:29:22]} 14. N1d2 {[%clk 1:06:37]} e3 {[%clk 1:22:26]} 15. Ne4
{[%clk 1:03:24]} Be5 {[%clk 1:22:22]} 16. c5 {[%clk 0:15:46]} O-O
{[%clk 1:14:33]} 17. Rc1 {[%clk 0:11:15]} Rb8 {[%clk 0:46:46]} 18. Nd6
{[%clk 0:04:01]} Bxd6 {[%clk 0:41:03]} 19. cxd6 {[%clk 0:04:30]} Qxd6
{[%clk 0:41:20]} 20. Bxc6 {[%clk 0:04:00]} bxc6 {[%clk 0:41:43]} 21. Rf4
{[%clk 0:03:56]} c5 {[%clk 0:31:07]} 22. Nxc5 {[%clk 0:04:20]} Rxb2
{[%clk 0:30:21]} 23. Ne4 {[%clk 0:04:40]} Qb6 {[%clk 0:30:08]} 24. Nf6+
{[%clk 0:05:05]} Kg7 {[%clk 0:27:22]} 25. Nd5 {[%clk 0:05:23]} Rd2
{[%clk 0:25:50]} 26. Nxb6 {[%clk 0:05:47]} Rxd1+ {[%clk 0:26:17]} 27. Rxd1
{[%clk 0:06:14]} axb6 {[%clk 0:26:43]} 28. Rfxd4 {[%clk 0:04:05]} Be6
{[%clk 0:24:01]} 29. a4 {[%clk 0:04:03]} Rc8 {[%clk 0:23:10]} 30. Re4
{[%clk 0:02:13]} Rc3 {[%clk 0:23:01]} 31. Rb4 {[%clk 0:01:32]} Rc2
{[%clk 0:20:01]} 32. Re1 {[%clk 0:01:25]} Ra2 {[%clk 0:19:44]} 33. Kf1
{[%clk 0:00:33]} Bh3+ {[%clk 0:18:19]} 34. Kg1 {[%clk 0:01:02]} Bd7
{[%clk 0:17:20]} 35. Rxb6 {[%clk 0:01:28]} Rxa4 {[%clk 0:17:21]} 36. Rb3
{[%clk 0:01:10]} Re4 {[%clk 0:17:20]} 37. Rc3 {[%clk 0:00:57]} Bh3
{[%clk 0:13:03]} 38. Rb1 {[%clk 0:00:34]} g5 {[%clk 0:07:26]} 39. Rbb3
{[%clk 0:00:32]} Ra4 {[%clk 0:06:49]} 40. Ra3 {[%clk 0:30:51]} Rb4
{[%clk 0:36:56]} 41. Rc1 {[%clk 0:29:21]} Re4 {[%clk 0:37:15]} 42. Ra5
{[%clk 0:27:08]} f6 {[%clk 0:35:06]} 43. Rac5 {[%clk 0:22:49]} Re8
{[%clk 0:33:19]} 44. R5c4 {[%clk 0:22:34]} Re5 {[%clk 0:30:55]} 45. Rd4
{[%clk 0:21:13]} Re7 {[%clk 0:29:12]} 46. Rb1 {[%clk 0:17:59]} Re8
{[%clk 0:26:53]} 47. Rd6 {[%clk 0:17:21]} Re5 {[%clk 0:18:23]} 48. Rd4
{[%clk 0:16:48]} Re8 {[%clk 0:17:04]} 49. g4 {[%clk 0:15:09]} Kg6
{[%clk 0:15:52]} 50. Rb3 {[%clk 0:14:49]} Re5 {[%clk 0:14:39]} 51. Rc3
{[%clk 0:12:51]} Kg7 {[%clk 0:13:26]} 52. Rc8 {[%clk 0:05:29]} Re7
{[%clk 0:12:10]} 53. Rcd8 {[%clk 0:05:31]} Rc7 {[%clk 0:09:36]} 54. R8d7+
{[%clk 0:05:35]} Rxd7 {[%clk 0:10:03]} 55. Rxd7+ {[%clk 0:06:01]} Kg6
{[%clk 0:10:12]} 56. Rd4 {[%clk 0:05:43]} Kf7 {[%clk 0:10:21]} 57. Re4
{[%clk 0:05:38]} Kg6 {[%clk 0:10:39]} 58. Rxe3 {[%clk 0:05:07]} Bxg4
{[%clk 0:11:05]} 59. Kf2 {[%clk 0:05:29]} f5 {[%clk 0:09:05]} 60. h3
{[%clk 0:05:25]} Bh5 {[%clk 0:09:15]} 61. Re6+ {[%clk 0:05:37]} Kg7
{[%clk 0:08:13]} 62. e3 {[%clk 0:05:58]} Bg6 {[%clk 0:03:46]} 63. Kf3
{[%clk 0:04:01]} Kh6 {[%clk 0:03:44]} 64. Kg2 {[%clk 0:02:32]} Kh5
{[%clk 0:02:58]} 65. Re5 {[%clk 0:02:01]} g4 {[%clk 0:01:34]} 66. Ra5
{[%clk 0:02:00]} Kg5 {[%clk 0:01:35]} 67. hxg4 {[%clk 0:00:59]} Kxg4
{[%clk 0:02:03]} 68. Ra4+ {[%clk 0:01:24]} Kg5 {[%clk 0:02:30]} 69. Kg3
{[%clk 0:01:49]} Bf7 {[%clk 0:02:08]} 70. Ra5 {[%clk 0:02:09]} Bb3
{[%clk 0:01:52]} 71. e4 {[%clk 0:01:58]} Be6 {[%clk 0:01:52]} 72. Kf3
{[%clk 0:02:06]} Kf6 {[%clk 0:00:49]} 73. e5+ {[%clk 0:02:30]} Kg5
{[%clk 0:01:18]} 74. Ra6 {[%clk 0:01:34]} Bd5+ {[%clk 0:01:18]} 75. Ke3
{[%clk 0:02:01]} f4+ {[%clk 0:01:09]} 76. Kd4 {[%clk 0:02:30]} Bg8
{[%clk 0:00:46]} 77. Rf6 {[%clk 0:02:21]} Bh7 {[%clk 0:01:00]} 78. Rf8
{[%clk 0:01:52]} Bf5 {[%clk 0:00:56]} 79. Rg8+ {[%clk 0:01:59]} Kh4
{[%clk 0:01:04]} 80. Rg1 {[%clk 0:01:12]} Kh5 {[%clk 0:00:35]} 81. Re1
{[%clk 0:01:28]} Kg4 {[%clk 0:00:32]} 82. e6 {[%clk 0:01:49]} Bg6
{[%clk 0:00:37]} 83. e7 {[%clk 0:02:12]} Be8 {[%clk 0:01:05]} 84. Rg1+
{[%clk 0:02:19]} 1-0

[Event "MPJ C18"]
[Site "?"]
[Date "2016.03.18"]
[Round "1.2"]
[White "Jarmula, Lukasz"]
[Black "Karwowski, Kacper"]
[Result "1/2-1/2"]
[LiveChessVersion "1.4.8"]
[BlackElo "2127"]
[WhiteElo "2387"]

1. d4 {[%clk 1:30:58]} Nf6 {[%clk 1:30:49]} 2. c4 {[%clk 1:31:20]} e6
{[%clk 1:31:11]} 3. Nf3 {[%clk 1:31:46]} b6 {[%clk 1:31:36]} 4. Nc3
{[%clk 1:31:44]} Bb4 {[%clk 1:31:24]} 5. Bg5 {[%clk 1:32:00]} Bb7
{[%clk 1:30:59]} 6. Nd2 {[%clk 1:31:21]} O-O {[%clk 1:29:20]} 7. e4
{[%clk 1:30:55]} Bxc3 {[%clk 1:28:41]} 8. bxc3 {[%clk 1:30:49]} h6
{[%clk 1:28:40]} 9. Bh4 {[%clk 1:16:39]} g5 {[%clk 1:27:37]} 10. Bg3
{[%clk 1:16:49]} Nxe4 {[%clk 1:17:50]} 11. Nxe4 {[%clk 1:13:08]} Bxe4
{[%clk 1:18:11]} 12. h4 {[%clk 1:12:52]} d6 {[%clk 1:11:53]} 13. hxg5
{[%clk 1:00:23]} hxg5 {[%clk 0:55:59]} 14. f4 {[%clk 0:41:08]} Bg6
{[%clk 0:47:35]} 15. Bd3 {[%clk 0:38:21]} Nd7 {[%clk 0:42:37]} 16. Bxg6
{[%clk 0:35:00]} fxg6 {[%clk 0:43:01]} 17. Qg4 {[%clk 0:32:49]} Rf5
{[%clk 0:39:09]} 18. Qh3 {[%clk 0:24:17]} Nf8 19. Qh8+ {[%clk 0:24:17]} Kf7 20.
O-O {[%clk 0:24:17]} Qf6 {[%clk 0:30:32]} 21. Qh3 {[%clk 0:21:13]} gxf4
{[%clk 0:21:22]} 22. Bxf4 {[%clk 0:21:04]} Kg8 {[%clk 0:18:42]} 23. Qf3
{[%clk 0:19:15]} Qd8 {[%clk 0:17:11]} 24. Qe4 {[%clk 0:18:13]} d5
{[%clk 0:14:14]} 25. Qe2 {[%clk 0:14:41]} Qd7 {[%clk 0:11:33]} 26. Be5
{[%clk 0:14:33]} Nh7 {[%clk 0:11:31]} 27. Qg4 {[%clk 0:06:20]} Qf7
{[%clk 0:11:28]} 28. cxd5 {[%clk 0:05:14]} exd5 {[%clk 0:11:11]} 29. Rxf5
{[%clk 0:02:01]} Qxf5 {[%clk 0:11:37]} 30. Qxf5 {[%clk 0:01:41]} gxf5
{[%clk 0:12:03]} 31. Rf1 {[%clk 0:01:39]} Rf8 {[%clk 0:09:42]} 32. Bxc7
{[%clk 0:01:30]} Ng5 {[%clk 0:09:56]} 33. Bd6 {[%clk 0:01:25]} Rf7
{[%clk 0:10:09]} 34. Rc1 {[%clk 0:01:03]} Ne4 {[%clk 0:10:32]} 35. Bf4
{[%clk 0:01:20]} b5 {[%clk 0:09:34]} 36. Be5 {[%clk 0:01:00]} Rb7
{[%clk 0:08:22]} 37. a3 {[%clk 0:00:42]} Kf7 {[%clk 0:08:28]} 38. Rf1
{[%clk 0:00:34]} Kg6 {[%clk 0:08:25]} 39. g4 {[%clk 0:00:33]} Rf7
{[%clk 0:07:53]} 40. gxf5+ {[%clk 0:30:31]} Rxf5 {[%clk 0:38:17]} 41. Rb1
{[%clk 0:27:36]} a6 {[%clk 0:34:21]} 42. Rb2 {[%clk 0:20:20]} Nxc3
{[%clk 0:32:33]} 43. Kg2 {[%clk 0:19:46]} Rg5+ {[%clk 0:30:39]} 44. Kf3
{[%clk 0:15:34]} Rh5 {[%clk 0:29:29]} 45. Rc2 {[%clk 0:11:03]} Rh3+
{[%clk 0:29:15]} 46. Kf4 {[%clk 0:10:31]} a5 {[%clk 0:10:01]} 47. Bc7
{[%clk 0:06:08]} Nb1 {[%clk 0:05:59]} 48. Bxa5 {[%clk 0:05:15]} Nxa3
{[%clk 0:06:13]} 49. Rc6+ {[%clk 0:04:26]} Kf7 {[%clk 0:06:29]} 50. Bb4
{[%clk 0:02:19]} Nc4 {[%clk 0:06:34]} 51. Bc5 {[%clk 0:02:34]} b4
{[%clk 0:03:49]} 52. Bxb4 {[%clk 0:02:01]} Rh4+ {[%clk 0:04:13]} 53. Kf5
{[%clk 0:01:59]} Rxd4 {[%clk 0:03:55]} 54. Rc7+ {[%clk 0:01:59]} Kg8
{[%clk 0:02:59]} 55. Rc8+ {[%clk 0:01:28]} Kf7 {[%clk 0:02:59]} 56. Rc7+
{[%clk 0:01:43]} 1/2-1/2

[Event "MPJ C18"]
[Site "?"]
[Date "2016.03.18"]
[Round "1.3"]
[White "Czajkowski, Adam"]
[Black "Nowak, Kamil"]
[Result "0-1"]
[LiveChessVersion "1.4.8"]
[BlackElo "2339"]
[WhiteElo "2110"]

1. e4 {[%clk 1:31:25]} e5 {[%clk 1:31:10]} 2. Nf3 {[%clk 1:31:41]} Nc6
{[%clk 1:31:26]} 3. Bc4 {[%clk 1:31:52]} Bc5 {[%clk 1:31:24]} 4. O-O
{[%clk 1:31:49]} Nf6 {[%clk 1:31:08]} 5. d3 {[%clk 1:30:45]} O-O {[%clk 1:30:33]}
6. Bb3 {[%clk 1:30:56]} d6 {[%clk 1:29:35]} 7. c3 {[%clk 1:31:05]} a6
{[%clk 1:28:24]} 8. h3 {[%clk 1:29:56]} Ba7 {[%clk 1:28:34]} 9. Nbd2
{[%clk 1:29:54]} Be6 {[%clk 1:28:02]} 10. Re1 {[%clk 1:29:31]} h6
{[%clk 1:21:49]} 11. Nf1 {[%clk 1:27:26]} Re8 {[%clk 1:15:36]} 12. Bc2
{[%clk 1:22:10]} d5 {[%clk 1:09:37]} 13. Qe2 {[%clk 1:19:30]} Qd7
{[%clk 1:03:22]} 14. Ng3 {[%clk 1:05:45]} Rad8 {[%clk 1:00:05]} 15. Nh4
{[%clk 1:02:08]} Bxh3 {[%clk 0:56:44]} 16. gxh3 {[%clk 0:59:41]} Qxh3
{[%clk 0:56:28]} 17. Nhf5 {[%clk 0:55:16]} Ng4 {[%clk 0:55:23]} 18. Be3
{[%clk 0:44:39]} d4 {[%clk 0:51:34]} 19. cxd4 {[%clk 0:42:25]} Nb4
{[%clk 0:48:33]} 20. Bb1 {[%clk 0:24:28]} exd4 {[%clk 0:47:16]} 21. Bf4
{[%clk 0:22:35]} Nd5 22. Qf3 Qh2+ {[%clk 0:36:02]} 23. Kf1 {[%clk 0:18:52]} Qh3+
{[%clk 0:36:21]} 24. Kg1 {[%clk 0:19:17]} Nxf4 {[%clk 0:33:04]} 25. Qxf4
{[%clk 0:19:37]} Ne5 {[%clk 0:33:29]} 26. f3 {[%clk 0:10:26]} g5 {[%clk 0:31:02]}
27. Qc1 {[%clk 0:09:46]} Nxf3+ {[%clk 0:30:05]} 28. Kf2 {[%clk 0:10:15]} Nxe1
{[%clk 0:30:30]} 29. Qxe1 {[%clk 0:05:23]} Qh2+ {[%clk 0:29:48]} 30. Kf3
{[%clk 0:05:49]} h5 {[%clk 0:23:48]} 31. Qh1 {[%clk 0:04:20]} g4+
{[%clk 0:22:51]} 0-1

[Event "MPJ C18"]
[Site "?"]
[Date "2016.03.18"]
[Round "1.4"]
[White "Kucza, Karol"]
[Black "Wacior, Maciej"]
[Result "1-0"]
[LiveChessVersion "1.4.8"]
[BlackElo "2090"]
[WhiteElo "2310"]

1. e4 {[%clk 1:30:58]} c6 {[%clk 1:30:54]} 2. d4 {[%clk 1:31:20]} d5
{[%clk 1:31:20]} 3. exd5 {[%clk 1:31:44]} cxd5 {[%clk 1:31:46]} 4. c4
{[%clk 1:32:09]} Nf6 {[%clk 1:32:11]} 5. Nc3 {[%clk 1:32:34]} g6 {[%clk 1:32:35]}
6. Qb3 {[%clk 1:32:59]} Bg7 {[%clk 1:33:00]} 7. cxd5 {[%clk 1:33:23]} O-O
{[%clk 1:33:20]} 8. Be2 {[%clk 1:33:47]} Na6 {[%clk 1:33:48]} 9. Bf3
{[%clk 1:33:53]} Qb6 {[%clk 1:33:14]} 10. Nge2 {[%clk 1:34:16]} Qxb3
{[%clk 1:17:37]} 11. axb3 {[%clk 1:34:39]} Bg4 {[%clk 1:18:05]} 12. d6
{[%clk 1:22:22]} Bxf3 {[%clk 1:18:28]} 13. dxe7 {[%clk 1:22:21]} Rfe8
{[%clk 1:17:53]} 14. gxf3 {[%clk 1:22:43]} Rxe7 {[%clk 1:18:19]} 15. Be3
{[%clk 1:18:42]} Nb4 {[%clk 1:18:30]} 16. Kd2 {[%clk 1:16:33]} b6
{[%clk 1:15:05]} 17. Rhc1 {[%clk 1:05:30]} Rae8 {[%clk 1:06:06]} 18. Nb5
{[%clk 0:59:37]} Nfd5 {[%clk 1:01:30]} 19. Rxa7 {[%clk 0:47:02]} h5
{[%clk 0:19:47]} 20. Rxe7 Rxe7 21. Nec3 {[%clk 0:33:12]} f5 {[%clk 0:19:26]} 22.
Nxd5 {[%clk 0:29:14]} Nxd5 {[%clk 0:19:51]} 23. Rc8+ {[%clk 0:23:11]} Kh7
{[%clk 0:20:19]} 24. Bg5 {[%clk 0:18:44]} Bh6 {[%clk 0:20:38]} 25. Bxh6
{[%clk 0:19:08]} Kxh6 {[%clk 0:21:07]} 26. Nc3 {[%clk 0:19:15]} Nf4
{[%clk 0:21:02]} 27. Rc6 {[%clk 0:18:00]} Ng2 {[%clk 0:16:59]} 28. d5
{[%clk 0:17:17]} Nh4 {[%clk 0:17:16]} 29. f4 {[%clk 0:12:32]} Nf3+
{[%clk 0:17:25]} 30. Kd3 {[%clk 0:12:54]} Nxh2 {[%clk 0:17:43]} 31. d6
{[%clk 0:13:17]} Rd7 {[%clk 0:18:12]} 32. Nd5 {[%clk 0:13:31]} Ng4
{[%clk 0:17:32]} 33. Nxb6 {[%clk 0:13:32]} Rd8 {[%clk 0:16:17]} 34. d7
{[%clk 0:13:37]} h4 {[%clk 0:15:20]} 35. Rc8 {[%clk 0:13:56]} Rxd7+
{[%clk 0:14:18]} 36. Nxd7 {[%clk 0:14:20]} h3 {[%clk 0:14:38]} 37. Ke2 1-0

[Event "MPJ C18"]
[Site "?"]
[Date "2016.03.18"]
[Round "1.5"]
[White "Winiarski, Mikolaj"]
[Black "Tomczak, Mikolaj"]
[Result "0-1"]
[LiveChessVersion "1.4.8"]
[BlackElo "2308"]
[WhiteElo "2037"]

1. d4 {[%clk 1:30:54]} f5 {[%clk 1:30:53]} 2. Qd3 {[%clk 1:27:04]} e6
{[%clk 1:30:05]} 3. e4 {[%clk 1:27:28]} fxe4 {[%clk 1:30:19]} 4. Qxe4
{[%clk 1:27:52]} Nf6 {[%clk 1:30:07]} 5. Qh4 {[%clk 1:28:00]} Be7
{[%clk 1:29:43]} 6. Bd3 {[%clk 1:23:02]} O-O {[%clk 1:27:34]} 7. Bg5
{[%clk 1:14:01]} g6 {[%clk 1:21:39]} 8. Nf3 {[%clk 1:10:23]} Nc6 {[%clk 1:20:40]}
9. Nc3 {[%clk 1:05:41]} Nh5 {[%clk 1:17:06]} 10. O-O-O {[%clk 0:48:53]} Bxg5+
{[%clk 1:12:28]} 11. Nxg5 {[%clk 0:38:02]} Rf4 {[%clk 1:11:00]} 12. g4
{[%clk 0:38:27]} Nxd4 {[%clk 1:10:25]} 13. Rhg1 {[%clk 0:34:54]} d5
{[%clk 0:53:28]} 14. Qh3 {[%clk 0:29:33]} e5 {[%clk 0:50:38]} 15. Qe3
{[%clk 0:26:08]} Bxg4 {[%clk 0:49:24]} 16. Qxe5 {[%clk 0:22:41]} c6 17. h3
{[%clk 0:10:43]} Bf5 {[%clk 0:36:36]} 18. Bxf5 {[%clk 0:01:55]} Rxf5
{[%clk 0:34:55]} 19. Qe3 {[%clk 0:02:23]} c5 {[%clk 0:33:34]} 20. Na4
{[%clk 0:01:07]} Qe8 {[%clk 0:31:38]} 21. Kb1 {[%clk 0:00:36]} Qxa4
{[%clk 0:29:38]} 22. Nxh7 {[%clk 0:00:44]} Qxc2+ {[%clk 0:29:55]} 23. Ka1
{[%clk 0:01:09]} Qxd1+ {[%clk 0:30:21]} 0-1

[Event "MPJ C18"]
[Site "?"]
[Date "2016.03.18"]
[Round "1.6"]
[White "Wisniewski, Michal"]
[Black "Smal, Tobiasz"]
[Result "1-0"]
[LiveChessVersion "1.4.8"]
[BlackElo "2017"]
[WhiteElo "2273"]

1. e4 {[%clk 1:30:58]} c5 {[%clk 1:30:24]} 2. Nf3 {[%clk 1:31:17]} d6
{[%clk 1:30:33]} 3. d4 {[%clk 1:31:42]} cxd4 {[%clk 1:30:50]} 4. Qxd4
{[%clk 1:32:08]} Nc6 {[%clk 1:31:01]} 5. Bb5 {[%clk 1:32:33]} Bd7
{[%clk 1:31:19]} 6. Qd3 {[%clk 1:32:58]} g6 {[%clk 1:27:15]} 7. c4
{[%clk 1:33:23]} Bg7 {[%clk 1:27:30]} 8. Nc3 {[%clk 1:32:50]} Nf6
{[%clk 1:27:12]} 9. O-O {[%clk 1:33:05]} O-O {[%clk 1:27:30]} 10. h3
{[%clk 1:33:33]} a6 {[%clk 1:24:57]} 11. Bxc6 {[%clk 1:33:57]} Bxc6
{[%clk 1:25:22]} 12. Be3 {[%clk 1:34:23]} Nd7 {[%clk 1:16:06]} 13. Nd4
{[%clk 1:34:32]} Nc5 {[%clk 1:12:08]} 14. Qc2 {[%clk 1:34:56]} Ne6
{[%clk 1:12:05]} 15. Nxe6 {[%clk 1:31:03]} fxe6 {[%clk 1:12:28]} 16. Qb3
{[%clk 1:31:00]} Qd7 {[%clk 0:45:17]} 17. f3 {[%clk 1:31:14]} b5 {[%clk 0:41:13]}
18. cxb5 {[%clk 1:26:59]} Bxb5 {[%clk 0:38:03]} 19. Nxb5 {[%clk 1:26:56]} axb5
{[%clk 0:38:22]} 20. Rfc1 {[%clk 1:16:08]} Rfc8 {[%clk 0:35:47]} 21. Rxc8+
{[%clk 1:15:58]} Rxc8 {[%clk 0:35:42]} 22. a4 {[%clk 1:15:57]} bxa4
{[%clk 0:34:33]} 23. Rxa4 {[%clk 1:16:20]} Kf7 {[%clk 0:34:17]} 24. Ra7
{[%clk 1:07:44]} Qc6 {[%clk 0:27:59]} 25. Qb7 {[%clk 1:06:08]} Qe8
{[%clk 0:27:47]} 26. b4 {[%clk 0:59:16]} Rb8 {[%clk 0:27:56]} 27. Qc7
{[%clk 0:58:21]} Rxb4 {[%clk 0:27:54]} 28. Qxd6 {[%clk 0:58:47]} Ra4
{[%clk 0:24:27]} 29. Rb7 {[%clk 0:56:19]} Ra1+ {[%clk 0:24:41]} 30. Kh2
{[%clk 0:56:44]} Rb1 {[%clk 0:24:38]} 31. Qf4+ {[%clk 0:57:02]} Ra1 32. Qd6 Ra5
33. Bc5 Bf8 1-0

[Event "MPJ C18"]
[Site "?"]
[Date "2016.03.18"]
[Round "1.7"]
[White "Osinski, Emil"]
[Black "Snihur, Piotr"]
[Result "1-0"]
[LiveChessVersion "1.4.8"]
[BlackElo "2271"]
[WhiteElo "2017"]

1. e4 {[%clk 1:30:57]} c5 {[%clk 1:30:54]} 2. Nf3 {[%clk 1:31:06]} e6
{[%clk 1:31:15]} 3. d4 {[%clk 1:30:22]} cxd4 {[%clk 1:31:37]} 4. Nxd4
{[%clk 1:30:45]} Nc6 {[%clk 1:31:54]} 5. Be3 {[%clk 1:29:50]} Nf6
{[%clk 1:31:06]} 6. Bd3 {[%clk 1:26:33]} Qc7 {[%clk 1:29:34]} 7. Nc3
{[%clk 1:23:29]} a6 {[%clk 1:28:13]} 8. O-O {[%clk 1:23:00]} Bd6 {[%clk 1:24:27]}
9. h3 {[%clk 1:20:56]} O-O {[%clk 1:24:03]} 10. Nxc6 {[%clk 1:12:05]} bxc6
{[%clk 1:18:31]} 11. f4 {[%clk 1:03:52]} e5 {[%clk 1:16:59]} 12. f5
{[%clk 1:02:12]} Be7 {[%clk 1:09:58]} 13. Qf3 {[%clk 0:52:35]} Bb7
{[%clk 1:03:36]} 14. g4 {[%clk 0:43:50]} d5 {[%clk 1:01:17]} 15. Bf2
{[%clk 0:29:54]} d4 {[%clk 0:46:57]} 16. Ne2 {[%clk 0:27:32]} Nd7
{[%clk 0:45:48]} 17. h4 {[%clk 0:23:12]} c5 {[%clk 0:41:38]} 18. b3
{[%clk 0:22:31]} Nb6 {[%clk 0:40:51]} 19. g5 {[%clk 0:20:21]} f6 {[%clk 0:38:30]}
20. Qg4 {[%clk 0:10:00]} Kh8 {[%clk 0:37:08]} 21. Ng3 {[%clk 0:08:48]} c4
{[%clk 0:33:58]} 22. bxc4 {[%clk 0:08:40]} Nxc4 {[%clk 0:33:32]} 23. Kh2
{[%clk 0:07:15]} Rac8 {[%clk 0:30:06]} 24. Rg1 {[%clk 0:06:03]} Nb2
{[%clk 0:21:23]} 25. Rg2 {[%clk 0:04:39]} Nxd3 {[%clk 0:15:54]} 26. cxd3
{[%clk 0:05:02]} Bc6 {[%clk 0:12:46]} 27. Nh5 {[%clk 0:04:15]} Rg8
{[%clk 0:11:47]} 28. Rag1 {[%clk 0:04:23]} Qd8 {[%clk 0:11:14]} 29. Qf3
{[%clk 0:03:36]} Bb5 {[%clk 0:07:05]} 30. Be1 {[%clk 0:02:56]} Qd6
{[%clk 0:07:00]} 31. gxf6 {[%clk 0:01:42]} gxf6 {[%clk 0:02:33]} 32. Rxg8+
{[%clk 0:01:09]} Rxg8 {[%clk 0:03:02]} 33. Rxg8+ {[%clk 0:01:33]} Kxg8
{[%clk 0:03:28]} 34. Qg3+ {[%clk 0:00:56]} Kf7 {[%clk 0:03:55]} 35. Qg7+
{[%clk 0:01:08]} Ke8 {[%clk 0:04:20]} 36. Qg8+ {[%clk 0:01:09]} Kd7
{[%clk 0:04:34]} 37. Ba5 {[%clk 0:00:42]} Bxd3 {[%clk 0:03:18]} 38. Ng7
{[%clk 0:00:45]} Kc6 {[%clk 0:03:23]} 39. a4 {[%clk 0:00:36]} Kb7
{[%clk 0:03:12]} 40. Qb3+ {[%clk 0:30:54]} Ka7 {[%clk 0:31:27]} 41. Qxd3
{[%clk 0:26:42]} Qc6 {[%clk 0:31:30]} 42. Qb1 {[%clk 0:15:28]} Qc4
{[%clk 0:28:57]} 43. Qb2 {[%clk 0:14:08]} d3 {[%clk 0:23:39]} 44. Qb6+
{[%clk 0:13:00]} Ka8 {[%clk 0:24:00]} 45. Ne6 {[%clk 0:13:15]} Qc2+
{[%clk 0:22:57]} 46. Kg3 {[%clk 0:13:11]} 1-0

[Event "MPJ C18"]
[Site "?"]
[Date "2016.03.18"]
[Round "1.8"]
[White "Niekras, Dawid"]
[Black "Buraczewski, Rafal"]
[Result "1-0"]
[LiveChessVersion "1.4.8"]
[BlackElo "1973"]
[WhiteElo "2271"]

1. e4 {[%clk 1:30:58]} e6 {[%clk 1:30:41]} 2. d4 {[%clk 1:31:23]} d5
{[%clk 1:31:06]} 3. Nc3 {[%clk 1:31:47]} Nf6 {[%clk 1:31:28]} 4. e5
{[%clk 1:32:13]} Nfd7 {[%clk 1:31:54]} 5. f4 {[%clk 1:32:36]} c5 {[%clk 1:32:20]}
6. Nf3 {[%clk 1:33:02]} Nc6 {[%clk 1:32:46]} 7. Be3 {[%clk 1:33:26]} a6
{[%clk 1:27:38]} 8. Qd2 {[%clk 1:33:50]} b5 {[%clk 1:28:04]} 9. dxc5
{[%clk 1:34:14]} Bxc5 {[%clk 1:27:42]} 10. Bxc5 {[%clk 1:34:36]} Nxc5
{[%clk 1:28:09]} 11. Qf2 {[%clk 1:34:59]} Qb6 {[%clk 1:25:46]} 12. Bd3
{[%clk 1:34:58]} Bb7 {[%clk 1:20:21]} 13. O-O {[%clk 1:33:56]} Nd7
{[%clk 1:17:56]} 14. Ne2 {[%clk 1:15:31]} Qxf2+ {[%clk 1:13:47]} 15. Kxf2
{[%clk 1:15:52]} O-O {[%clk 1:09:08]} 16. Ned4 {[%clk 1:15:27]} Nxd4
{[%clk 1:05:23]} 17. Nxd4 {[%clk 1:13:45]} Rac8 {[%clk 1:04:30]} 18. a4
{[%clk 0:52:07]} b4 {[%clk 1:02:12]} 19. a5 {[%clk 0:51:39]} Nc5 {[%clk 1:01:30]}
20. Ke3 {[%clk 0:45:30]} f6 {[%clk 0:53:10]} 21. Kd2 {[%clk 0:37:33]} Bc6
{[%clk 0:48:14]} 22. Rae1 {[%clk 0:24:44]} Bd7 {[%clk 0:44:28]} 23. Rf3
{[%clk 0:18:11]} f5 {[%clk 0:43:35]} 24. Bf1 {[%clk 0:11:49]} Ne4+
{[%clk 0:41:30]} 25. Ke3 {[%clk 0:07:03]} Kf7 {[%clk 0:37:12]} 26. Ra1
{[%clk 0:04:27]} Nc5 {[%clk 0:26:04]} 27. Bd3 {[%clk 0:03:35]} Rb8
{[%clk 0:23:40]} 28. h3 {[%clk 0:02:13]} Rfc8 {[%clk 0:15:02]} 29. g4
{[%clk 0:01:39]} g6 {[%clk 0:15:31]} 30. Rg3 {[%clk 0:01:15]} Bb5
{[%clk 0:15:04]} 31. Kd2 {[%clk 0:00:58]} b3 {[%clk 0:06:33]} 32. Rgg1
{[%clk 0:00:50]} bxc2 {[%clk 0:04:42]} 33. Bxc2 {[%clk 0:01:05]} Bc4
{[%clk 0:04:12]} 34. Rgb1 {[%clk 0:00:48]} Bb3 {[%clk 0:02:39]} 35. Rc1
{[%clk 0:00:46]} Bxc2 {[%clk 0:02:47]} 36. Rxc2 {[%clk 0:00:58]} Ne4+
{[%clk 0:02:57]} 37. Kd3 {[%clk 0:00:57]} Rxc2 {[%clk 0:02:54]} 38. Kxc2
{[%clk 0:01:15]} Rb4 {[%clk 0:03:08]} 39. Ne2 {[%clk 0:00:47]} Rc4+
{[%clk 0:02:50]} 40. Kd3 {[%clk 0:30:51]} fxg4 {[%clk 0:30:54]} 41. hxg4
{[%clk 0:27:54]} Nf2+ {[%clk 0:31:07]} 42. Kd2 {[%clk 0:28:05]} Nxg4
{[%clk 0:30:25]} 43. b3 {[%clk 0:21:47]} Rc8 {[%clk 0:29:59]} 44. b4
{[%clk 0:20:19]} Nf2 {[%clk 0:25:58]} 45. b5 {[%clk 0:19:06]} Ne4+
{[%clk 0:26:04]} 46. Ke3 {[%clk 0:19:12]} axb5 {[%clk 0:25:46]} 47. a6
{[%clk 0:18:21]} Ra8 {[%clk 0:21:44]} 48. a7 {[%clk 0:15:33]} b4 {[%clk 0:19:43]}
49. Nd4 {[%clk 0:14:10]} b3 {[%clk 0:06:58]} 50. Nxb3 {[%clk 0:10:46]} Ke7
{[%clk 0:07:28]} 51. Ra6 {[%clk 0:05:42]} g5 {[%clk 0:05:06]} 52. Nd4
{[%clk 0:03:00]} gxf4+ {[%clk 0:05:24]} 53. Kxf4 {[%clk 0:03:02]} Nc5
{[%clk 0:03:44]} 54. Rc6 {[%clk 0:03:08]} Nd3+ {[%clk 0:02:37]} 55. Ke3
{[%clk 0:03:32]} Nxe5 {[%clk 0:01:04]} 56. Rxe6+ {[%clk 0:03:56]} Kf7
{[%clk 0:01:09]} 57. Rxe5 {[%clk 0:04:18]} Rxa7 {[%clk 0:01:36]} 58. Rxd5
{[%clk 0:04:36]} Ra1 {[%clk 0:01:54]} 59. Rd7+ {[%clk 0:04:35]} Kg6
{[%clk 0:02:16]} 60. Rd6+ {[%clk 0:04:46]} Kf7 {[%clk 0:02:30]} 61. Rh6
{[%clk 0:03:56]} Kg8 {[%clk 0:02:20]} 62. Nf5 {[%clk 0:04:12]} Re1+
{[%clk 0:02:19]} 63. Kf4 {[%clk 0:04:35]} Rf1+ {[%clk 0:02:33]} 64. Ke5
{[%clk 0:04:59]} Re1+ {[%clk 0:02:41]} 65. Kf6 {[%clk 0:05:12]} Ra1
{[%clk 0:02:02]} 66. Ne7+ {[%clk 0:04:07]} Kh8 {[%clk 0:02:19]} 67. Rh2
{[%clk 0:04:10]} Rf1+ {[%clk 0:02:20]} 68. Nf5 {[%clk 0:04:04]} Ra1
{[%clk 0:02:01]} 69. Rb2 {[%clk 0:03:21]} Ra6+ {[%clk 0:02:21]} 70. Kf7
{[%clk 0:03:11]} Ra7+ {[%clk 0:01:47]} 71. Ne7 {[%clk 0:02:40]} Ra8
{[%clk 0:01:36]} 72. Ng6+ {[%clk 0:03:02]} 1-0

[Event "MPJ C18"]
[Site "?"]
[Date "2016.03.18"]
[Round "1.9"]
[White "Fukowski, Pawel"]
[Black "Chomczyk, Marek"]
[Result "0-1"]
[LiveChessVersion "1.4.8"]
[BlackElo "2229"]
[WhiteElo "1966"]

1. d4 Nf6 2. Nf3 d5 3. c4 e6 4. g3 Be7 5. Bg2 O-O 6. O-O dxc4 7. Ne5 Nc6 8. Bxc6
bxc6 9. Nxc6 Qe8 10. Nxe7+ Qxe7 11. Qa4 e5 12. dxe5 Qxe5 13. Nc3 Qe6 14. Bf4 Bb7
15. f3 Nd5 16. Qxc4 Nxf4 17. Qxf4 Qb6+ 18. Rf2 Qxb2 19. Qc1 Qb6 20. Rb1 Qc6 21.
Nb5 Rfc8 22. e4 Qb6 23. Nc3 Qa6 24. Rfb2 Bc6 25. Kf2 Qa5 26. Ne2 Bd7 27. Qc3 Qxc3
28. Nxc3 c5 29. Ke3 Kf8 30. Rd1 Bc6 31. f4 Rd8 32. Rbd2 Rxd2 33. Rxd2 Ke7 34. e5
Rc8 35. Nd5+ Bxd5 36. Rxd5 Rc6 37. Rd2 f6 38. Ke4 fxe5 39. Kxe5 Re6+ 40. Kf5 Rc6
41. Re2+ Kd7 42. h4 Rf6+ 43. Kg4 Re6 44. Rf2 Re3 45. f5 c4 46. Kf4 Rd3 47. g4
Rd4+ 48. Kg5 Kd6 49. Kh5 c3 50. g5 Ke7 51. f6+ gxf6 52. Rxf6 Rc4 53. Rf1 c2 54.
Rc1 Kf7 55. Rf1+ Kg7 56. Rc1 Kf7 57. Rf1+ Kg8 58. Rc1 Kg7 59. g6 hxg6+ 60. Kg5
Kh7 0-1